Größte Städte von jedem Kontinent mit P - Statistiken

Allgemein
  • Dieses Quiz wurde 77 mal gespielt
  • Das Durchschnittsergebnis liegt bei 3 aus 6
Antwortstatistiken
Hint Antwort % Korrekt
Europa Paris
90%
Asien Peking
74%
Ozeanien Perth
63%
Nordamerika Philadelphia
60%
Südamerika Porto Alegre
18%
Afrika Port Harcourt
1%
Keine übereinstimmenden Quizze gefunden
Verteilung der Resultate
Anzahl Personen mit jedem Resultat
Perzentil nach korrekt beantworteten Fragen
Ihre Resultats-Entwicklung
Sie haben dieses Quiz noch nicht gespielt